Rivers of Ireland Quiz Stats

 Plays Quiz not verified by Sporcle

Challenge
Share
Tweet
Embed
Score 0/10 Timer 04:00
0 Plays Today
River % Correct
Shannon
97.3%
Liffey
90.3%
Lee
81.9%
Suir
81.4%
Barrow
73%
Blackwater
69.9%
Nore
66.8%
Boyne
62.4%
Slaney
53.5%
Bann
44.2%

You're not logged in!

Compare scores with friends on all Sporcle quizzes.
OR
Log In

You Might Also Like...

Show Comments

Extras

Top Quizzes Today


Score Distribution

Your Account Isn't Verified!

In order to create a playlist on Sporcle, you need to verify the email address you used during registration. Go to your Sporcle Settings to finish the process.

Report this User

Report this user for behavior that violates our Community Guidelines.

Details: